| 000 | 00662nam a2200205Ia 4500 | ||
|---|---|---|---|
| 008 | 191130s1982##################000#0#eng## | ||
| 020 | _a9780521280075 | ||
| 022 | _a81010080 | ||
| 040 |
_aACL _cACL |
||
| 082 | _a780.1 DAH | ||
| 100 | _aDahlhaus, Carl | ||
| 245 |
_aAesthetics of music _cCarl Dahlhaus ; translated by William W. Austin |
||
| 260 |
_aCambridge _bCambridge University Press _c1982 |
||
| 300 | _axii, 115 p. ; 23 cm | ||
| 500 | _aTranslation of: Musikästhetik. Includes index. Bibliography: p. 101-112 | ||
| 650 | _aMusic - Philosophy and aesthetics | ||
| 990 | _aa6c2c975ac10000c7159c909b91ee4f1 | ||
| 991 | _a341841 | ||
| 999 |
_c154696 _d154696 |
||